Odstraňovanie škodlivých látok z vodného prostredia adsorpciou a adsorpčnou ozonizáciou diplomová práca

Na minha lista:
Detalhes bibliográficos
Autor principal: Korpicsová, Adriana
Formato: Livro
Idioma:eslovaco
Publicado em: Bratislava STU FCHPT 2018
Acesso em linha:View in OPAC
Tags: Adicionar Tag
Sem tags, seja o primeiro a adicionar uma tag!

MARC

LEADER 00000nam a2200000 a 4500
005 20260127134001.0
008 180713 2018 xo a 000 0 slo d
035 |a vtls011766780 
039 9 |y 201807131142  |z mschk03 
040 |a STUSCHK1  |b slo  |c STUSCHK1  |e AACR2 
100 1 |a Korpicsová, Adriana 
245 1 |a Odstraňovanie škodlivých látok z vodného prostredia adsorpciou a adsorpčnou ozonizáciou  |b diplomová práca  |c Adriana Korpicsová 
260 |a Bratislava  |b STU FCHPT  |c 2018 
300 |a 70 s.  |b il.  |c 25 cm 
500 |a Študijný program: technológie ochrany životného prostredia 
500 |a Študijný odbor:chemické technológie 
500 |a Školiace pracovisko: Oddelenie environmentálneho inžinierstva 
500 |a Evid. číslo: FCHPT-100568-61039 
910 |a SCHK95 
999 |c 1479  |d 1479